00874nam a2200241 a 4500001000900000005001700009008004100026041000800067044000700075050002000082100002400102245016300126260003500289300002400324500004700348500001100395651004500406700002800451902000800479942001100487999001500498952011900513BRL_115420190320211047.0201113s1956----gw-a######---#000-0#ger-# ager agw 4aDB30b.W45 19561 aWeigel, Hans92595310aO du mein ÖsterreichbVersuch des Fragments einer Improvisation für anfänger und solche, die es werden wollencHans Weigel ; illustriert von Paul Flora. aStuttgartbSteingrübenc1956 a206 p.bil.c20 cm. aEstado físico: desprendimiento del lomo. aAu1335 4aAustriaxVida social y costumbres9259541 aFlora, Pauleil.925955 aGRL 2lcccB c9966d9966 00104070aBRLbBRLd2013-11-20iAu1335l0oDB30 .W45 1956 (Au1335)pGRL01266r2019-03-22 00:00:00w2019-03-22yB